00000000nam 2200000zi 4500
0019.927111
003CaOODSP
00520241126130334
006m     o  d f      
007cr mn|||||||||
008230911s1994    onca    ob   f000 0 fre d
040 |aCaOODSP|bfre|erda|cCaOODSP
043 |an-cn---
045 |ax7x9
0861 |aEn4-551/1994F-PDF
24504|aLes tendances de la qualité de l'air dans les villes canadiennes, 1979-1992.
264 1|a[Ottawa] : |bEnvironnement Canada = Environment Canada, |c[1994]
300 |a1 ressource en ligne (5 pages non numérotées) : |billustrations
336 |atexte|btxt|2rdacontent/fre
337 |ainformatique|bc|2rdamedia/fre
338 |aressource en ligne|bcr|2rdacarrier/fre
500 |aÉdition numérisée de l'imprimé [par Environnement et changement climatique Canada].
500 |aPublié aussi en anglais sous le titre : Air quality trends in Canadian cities, 1979-1992.
504 |aComprend des références bibliographiques.
650 6|aAir|xQualité|zCanada.
650 6|aAir|xPollution|zCanada.
650 6|aPollution urbaine|zCanada.
7101 |aCanada. |bEnvironnement Canada, |eorganisme de publication.
77508|tAir quality trends in Canadian cities : |w(CaOODSP)9.925216
85640|qPDF|s4.48 Mo|uhttps://publications.gc.ca/collections/collection_2023/eccc/en4/En4-551-1994-fra.pdf